Southville International School and Colleges
Your cart is empty.
  • Cart
  • Lists
    Public lists Eva Luna New books Lux_list list_1
    Your lists Log in to create your own lists
  • Log in to your account
  • Your cookies
  • Search history
Southville International School and Colleges
  • Advanced search
  • Recent comments
  • Most popular
  • Libraries

Log in to your account

Log in with GOOGLE


If you do not have an external account, but do have a local account, you can still log in:

  1. Home
  2. MARC view: Classroom skills for nurse educators /
Normal view MARC view ISBD view

Classroom skills for nurse educators / (Record no. 15495)

[ view plain ]
MARC details
000 -LEADER
fixed length control field 01641cam a22004094a 4500
001 - CONTROL NUMBER
control field 14692212
003 - CONTROL NUMBER IDENTIFIER
control field OSt
005 - DATE AND TIME OF LATEST TRANSACTION
control field 20140310182734.0
008 - FIXED-LENGTH DATA ELEMENTS--GENERAL INFORMATION
fixed length control field 070108s2008 maua b 001 0 eng
010 ## - LIBRARY OF CONGRESS CONTROL NUMBER
LC control number 2007000616
016 7# - NATIONAL BIBLIOGRAPHIC AGENCY CONTROL NUMBER
Record control number 101296796
Source DNLM
020 ## - INTERNATIONAL STANDARD BOOK NUMBER
International Standard Book Number 9780763749750
020 ## - INTERNATIONAL STANDARD BOOK NUMBER
International Standard Book Number 9789715847056
035 ## - SYSTEM CONTROL NUMBER
System control number (OCoLC)ocm77830263
035 ## - SYSTEM CONTROL NUMBER
System control number (OCoLC)77830263
Canceled/invalid control number (OCoLC)148872310
040 ## - CATALOGING SOURCE
Original cataloging agency DNLM/DLC
Transcribing agency DLC
Modifying agency BTCTA
-- BAKER
-- NLM
-- C#P
-- YDXCP
-- DLC
042 ## - AUTHENTICATION CODE
Authentication code pcc
050 00 - LIBRARY OF CONGRESS CALL NUMBER
Classification number RT 71
Item number .C538 2008
100 1# - MAIN ENTRY--PERSONAL NAME
Personal name Clark, Carolyn Chambers.
245 10 - TITLE STATEMENT
Title Classroom skills for nurse educators /
Statement of responsibility, etc Carolyn Chambers Clark.
260 ## - PUBLICATION, DISTRIBUTION, ETC. (IMPRINT)
Place of publication, distribution, etc Sudbury, Mass. :
Name of publisher, distributor, etc Jones and Bartlett Publishers,
Date of publication, distribution, etc 2008.
300 ## - PHYSICAL DESCRIPTION
Extent xi, 417 p. :
Other physical details ill. ;
Dimensions 23 cm.
504 ## - BIBLIOGRAPHY, ETC. NOTE
Bibliography, etc Includes bibliographical references and index.
505 0# - FORMATTED CONTENTS NOTE
Formatted contents note Challenges for the nurse educator -- Effective learning systems -- Role playing, simulations, and simulation gaming -- Group methods and peer learning -- Value clarification, perception exercises, journal writing, and poetry -- Individualized learning, self-instruction, and media use.
521 ## - TARGET AUDIENCE NOTE
Target audience note
562 ## - COPY AND VERSION IDENTIFICATION NOTE
Number of copies For Circulation. 1 copy in the Collection
650 #0 - SUBJECT ADDED ENTRY--TOPICAL TERM
Topical term or geographic name as entry element Nursing
General subdivision Study and teaching.
650 12 - SUBJECT ADDED ENTRY--TOPICAL TERM
Topical term or geographic name as entry element Education, Nursing.
650 22 - SUBJECT ADDED ENTRY--TOPICAL TERM
Topical term or geographic name as entry element Learning.
650 22 - SUBJECT ADDED ENTRY--TOPICAL TERM
Topical term or geographic name as entry element Teaching
General subdivision methods.
856 41 - ELECTRONIC LOCATION AND ACCESS
Materials specified Table of contents only
Uniform Resource Identifier <a href="http://www.loc.gov/catdir/toc/ecip078/2007000616.html">http://www.loc.gov/catdir/toc/ecip078/2007000616.html</a>
906 ## - LOCAL DATA ELEMENT F, LDF (RLIN)
a 7
b cbc
c orignew
d 1
e ecip
f 20
g y-gencatlg
942 ## - ADDED ENTRY ELEMENTS (KOHA)
Source of classification or shelving scheme Library of Congress Classification
Koha item type Books
Call number prefix Foreign
Holdings
Withdrawn status Lost status Source of classification or shelving scheme Damaged status Home library Current library Shelving location Date acquired Total Checkouts Full call number Barcode Date last seen Copy number Price effective from Koha item type
    Library of Congress Classification   College Library College Library General Circulation Section 04/23/2012   RT 71 .C538 2008 C9815 05/15/2018 1 04/23/2012 Books

Classroom skills for nurse educators /

APA

Clark C. C., . (2008). Classroom skills for nurse educators. Sudbury, Mass: Jones and Bartlett Publishers.

Chicago

Clark Carolyn Chambers, . 2008. Classroom skills for nurse educators. Sudbury, Mass: Jones and Bartlett Publishers.

Harvard

Clark C. C., . (2008). Classroom skills for nurse educators. Sudbury, Mass: Jones and Bartlett Publishers.

MLA

Clark Carolyn Chambers, . Classroom skills for nurse educators. Sudbury, Mass: Jones and Bartlett Publishers. 2008.

  • Place hold
  • Print
  • Cite
  • Add to your cart (remove)
  • Save record
    BIBTEX Dublin Core MARCXML MARC (non-Unicode/MARC-8) MARC (Unicode/UTF-8) MARC (Unicode/UTF-8, Standard) MODS (XML) RIS
  • More searches
    Search for this title in:
    Other Libraries (WorldCat) Other Databases (Google Scholar) Online Stores (Bookfinder.com) Open Library (openlibrary.org)

Exporting to Dublin Core...

SOUTHVILLE LIBRARY

Southville International School and Colleges Library

1281 Tropical Ave. Cor. Luxembourg St., BF Homes International, Las Pinas City

Tel. No. 8256374 / 252358 Loc. 117/146

Powered by Koha